Entrenadores de la Real Sociedad - Estadísticas

Estadísticas generales
  • Esta prueba ha sido intentada 61 veces
    25 desde el último reinicio
  • La puntuación promedio es 12 de 51
Estadísticas de respuestas
Período(s) Partidos Entrenador % Correcto
2018 - 2025 330 Imanol Alguacil, gure patroia
100%
2018 - 2018 9 Imanol Alguacil, gure patroia
100%
2025 - ... > 8 Sergio Francisco
96%
2015 - 2018 112 Eusebio Sacristán
87%
2018 - 2018 19 Asier Garitano
74%
2014 - 2015 42 David Moyes
74%
2013 - 2014 68 Jagoba Arrasate
70%
2011 - 2013 82 Philippe Montanier
70%
2000 - 2002 52 John Toshack
57%
1991 - 1994 141 John Toshack
57%
1985 - 1989 177 John Toshack
57%
2009 - 2011 83 Martín Lasarte
57%
1978 - 1985 282 Alberto Ormaetxea
43%
1999 - 2000 37 Javier Clemente
35%
2008 - 2009 55 Juanma Lillo
35%
2006 - 2007 32 Miguel Ángel Lotina
35%
2000 - 2000 11 Periko Alonso
30%
2002 - 2004 86 Raynald Denoueix
30%
2014 - 2014 1 Asier Santana
17%
2007 - 2008 21 Chris Coleman
17%
2006 - 2006 17 José Mari Bakero
17%
1997 - 1999 98 Bernd Krauss
13%
2006 - 2006 8 Gonzalo Arconada
13%
1995 - 1997 72 Javier Irureta
9%
2002 - 2002 9 Roberto Olabe
9%
1949 - 1951 1947 - 1948 1943 - 1944 4611 14 Benito Díaz
4%
1928 - 1930 38 Benito Díaz
4%
1930 - 1935 96 Harry Lowe
4%
1991 - 1991 22 Javier Expósito
4%
1976 - 1978 93 José Antonio Irulegui
4%
2004 - 2006 61 José Mari Amorrortu
4%
1989 - 1991 76 Marco Antonio Boronat
4%
1972 - 1974 41 Rafael Iriondo
4%
1994 - 1995 47 Salva Iriarte
4%
1974 - 1976 50 Andoni Elizondo
0%
1971 - 1972 9 Andoni Elizondo
0%
1966 - 1970 40 Andoni Elizondo
0%
1970 - 1971 16 Ángel Segurola
0%
1963 - 1964 4 Antonio Barrios
0%
1960 - 1962 41 Baltasar Albeniz
0%
1918 - 19231912 - 1914 1908 - 1909 23 1 José Ángel Berraondo
0%
1962 - 1962 6 Joseba Elizondo
0%
1960 - 1960 0 Joseba Elizondo
0%
2008 - 2008 71 José Eizmendi
0%
1951 - 1955 46 José Urbieta
0%
1922 - 1926 2 Lipót Hertzka
0%
1938 - 1939 0 Martín Marculeta
0%
1941 - 1942 16 Patxi Gamborena
0%
1964 - 1966 6 Román Galarraga
0%
1955 - 1960 52 Salvador Artigas
0%
1939 - 1941 16 Sebastián Silveti
0%
No se encontraron pruebas coincidentes
Distribución de puntuación
Porcentaje de gente con cada puntuación
Porcentaje por número respondido
Historial de tus puntuaciones
No has intentado esta prueba desde el último reinicio